Ritmo y expresión corporal mediante coreografías

Gardado en:
Detalles Bibliográficos
Main Authors: Martínez López, Emilio J. (autor), Zagalaz Sánchez, María Luisa (Author)
Formato: Libro
Idioma:Lingua castelá
Publicado: Barcelona Paidotribo 2008
Edición:1a. ed
Subjects:
Tags: Engadir etiqueta
Sen Etiquetas, Sexa o primeiro en etiquetar este rexistro!

MARC

LEADER 00000nam a2200000 a 4500
001 UCG4585
003 CL-VaPUC
008 101111e20080000SP |||||||||||||||||spa|d
020 |a 9788480198417 
082 0 4 |a 792.8  |b MAR  |2 21 
100 |a Martínez López, Emilio J.  |e autor  |9 553960 
700 0 |a Zagalaz Sánchez, María Luisa  |e author  |9 553961 
245 1 0 |a Ritmo y expresión corporal mediante coreografías 
250 |a 1a. ed 
300 |a 214 p 
942 |c BK 
945 |d 20101111 00:00:00  |a mfarfan 
260 |a Barcelona  |b Paidotribo  |c 2008 
500 |a Incluye DVD de 10 coreografías 
650 0 |a Danza  |9 328568 
650 0 |a Expresión corporal  |9 308898 
650 7 |a COREOGRAFIAS  |2 CL-VaPUC  |9 553962 
583 |a last modification  |c 20101111 00:00:00  |k Rodrigo Vera 
999 |c 343277  |d 343275 
952 |0 0  |1 0  |4 0  |6 792_800000000000000_MAR_2008  |7 0  |8 A  |9 440477  |a BIBEDU  |b BIBEDU  |d 2019-11-22  |i 4732847  |o 792.8 MAR 2008  |p 4732847  |r 2019-11-22  |w 2019-11-22  |y BK  |k EFI 
952 |0 0  |1 0  |4 0  |6 792_800000000000000_MAR_2008  |7 0  |8 A  |9 440478  |a BIBEDU  |b BIBEDU  |d 2019-11-22  |i 4732855  |o 792.8 MAR 2008  |p 4732855  |r 2019-11-22  |w 2019-11-22  |y BK  |k EFI